Catálogo público

Determinación de algunos indicadores climáticos para especies frutícolas caducifolias / (Record no. 171086)

MARC details
000 -CABECERA
campo de control de longitud fija 03253nam a2200385 a 4500
001 - NÚMERO DE CONTROL
campo de control dia_534
003 - IDENTIFICADOR DEL NÚMERO DE CONTROL
campo de control CHAP
005 - FECHA Y HORA DE LA ÚLTIMA TRANSACCIÓN
campo de control 20260217123130.0
007 - CAMPO FIJO DE DESCRIPCIÓN FÍSICA--INFORMACIÓN GENERAL
campo de control de longitud fija ta
008 - DATOS DE LONGITUD FIJA--INFORMACIÓN GENERAL
campo de control de longitud fija 220117s1970 mx b frm a001 0 spa d
010 ## - NÚMERO DE CONTROL DE LA BIBLIOTECA DEL CONGRESO
Número de control de LC 171086
040 ## - FUENTE DE LA CATALOGACIÓN
Centro/agencia transcriptor CHAP
Centro catalogador/agencia de origen mxchpua
Normas de descripción rda
041 0# - CÓDIGO DE LENGUA
Código de lengua del texto/banda sonora o título independiente spa
Código de lengua del sumario o resumen spa
090 ## - LOCALMENTE ASIGNADO TIPO-LC NÚMERO DE CLASIFICACIÓN (OCLC); NÚMERO DE CLASIFICACIÓN LOCAL (RLIN)
Número de clasificación (OCLC) (R) ; Numero de clasificación, CALL (RLIN) (NR) Tesis
Número cutter local (OCLC) ; Número de libro/Signatura topográfica íntegra, CALL (RLIN) G66
año 1970
100 1# - ENTRADA PRINCIPAL--NOMBRE DE PERSONA
Nombre de persona Gómez Ortiz, Julián
245 10 - MENCIÓN DE TÍTULO
Título Determinación de algunos indicadores climáticos para especies frutícolas caducifolias /
Mención de responsabilidad, etc. Julian Gómez Ortiz
264 ## - PRODUCCIÓN, PUBLICACIÓN, DISTRIBUCIÓN, FABRICACIÓN Y COPYRIGHT
Producción, publicación, distribución, fabricación y copyright Chapingo, México :
Nombre del de productor, editor, distribuidor, fabricante El autor,
Fecha de producción, publicación, distribución, fabricación o copyright 1970
300 00 - DESCRIPCIÓN FÍSICA
Extensión 60 hojas :
Otras características físicas mapas, tablas
336 ## - TIPO DE CONTENIDO
Fuente rdacontent
Término de tipo de contenido texto
Código de tipo de contenido txt
337 ## - TIPO DE MEDIO
Fuente rdamedia
Nombre/término del tipo de medio no mediado
Código del tipo de medio n
338 ## - TIPO DE SOPORTE
Fuente rdacarrier
Nombre/término del tipo de soporte volumen
Código del tipo de soporte nc
502 ## - NOTA DE TESIS
Nota de tesis Tesis
Tipo de título (Ingeniero Agrónomo Especializado en Industrias Agrícolas) :
-- (Ingeniero Agroindustrial) --
Nombre de la institución que otorga el título ENA. Departamento de Industrias Agrícolas :
-- UACh. Departamento de Ingeniería Agroindustrial,
Año de obtención del título 1970
504 ## - NOTA DE BIBLIOGRAFÍA, ETC.
Nota de bibliografía, etc. Bibliografía: hoja 59
520 3# - SUMARIO, ETC.
Sumario, etc. Se ha realizado este estudio debido a que el establecimiento y expansión de nuestras diferentes áreas frutícolas, se ha hecho en base a la importación y difusión de las variedades que han tenido su origen en Estados Unidos de Norteamérica y particularmente del Estado de California. La fruticultura en México, reviste gran importancia por las altas productividades que alcanza en comparación con los diferentes cultivos agrícolas y tiene repercusiones en el fruticultor tanto por lo que se refiere al aspecto económico, técnico y social. Para la elaboración del trabajo, se utilizaron todos los mapas de la Dispersión Frutícola del Estado de California, E. U. A. por Especies y Variedades, así como Información Climatológica de las Localidades Incluídas en las Áreas de dispersión. Se hizo una selección de los indicadores climáticos en base a la importancia que tienen sobre la vida de las plantas; siendo seleccionados: temperatura media del mes de enero, temperatura media del mes de julio, temperatura extrema máxima, temperatura extrema mínima, última helada registrada en primavera, primera helada registrada en otoño, periodo libre de heladas y precipitación pluvial media anual. Se enunciaron los factores de calidad que más importancia tienen en el mercadeo de los productos agrícolas como son: tamaño o calibre de los frutos, grado de madurez, sólidos solubles totales, color, estado fitosanitario y resistencia al manipuleo. Se analizaron en una forma general las once especies frutícolas objeto del estudio, indicando las posibilidades que tienen muchas variedades según sus características en nuestras áreas frutícolas y al final del análisis de las especies se presentó para cada especie, una lista de localidades seleccionadas indicando en cada caso el estado y municipio a que pertenecen. 
650 13 - PUNTO DE ACCESO ADICIONAL DE MATERIA--TÉRMINO DE MATERIA
Término de materia o nombre geográfico como elemento de entrada Arboles frutales
Fuente del encabezamiento o término atg
650 13 - PUNTO DE ACCESO ADICIONAL DE MATERIA--TÉRMINO DE MATERIA
Término de materia o nombre geográfico como elemento de entrada Factores climáticos
Fuente del encabezamiento o término atg
650 13 - PUNTO DE ACCESO ADICIONAL DE MATERIA--TÉRMINO DE MATERIA
Término de materia o nombre geográfico como elemento de entrada Fruit trees
Fuente del encabezamiento o término atg
650 13 - PUNTO DE ACCESO ADICIONAL DE MATERIA--TÉRMINO DE MATERIA
Término de materia o nombre geográfico como elemento de entrada Climatic factors
Fuente del encabezamiento o término atg
700 1# - PUNTO DE ACCESO ADICIONAL--NOMBRE DE PERSONA
Nombre de persona Brom Rojas, Emilio
Término indicativo de función/relación dirección
700 1# - PUNTO DE ACCESO ADICIONAL--NOMBRE DE PERSONA
Nombre de persona Mora Blancas, Edgar Ezel
Término indicativo de función/relación asesor
901 ## - ELEMENTOS DE DATOS A LOCAL LDA (RLIN)
a TESIS G66 1970
942 ## - ELEMENTOS DE PUNTO DE ACCESO ADICIONAL (KOHA)
Tipo de ítem Koha TESIS
Fuente del sistema de clasificación o colocación Clasificación Universidad Autónoma Chapingo
902 ## - ELEMENTOS DE DATOS B LOCAL, LDB (RLIN)
a M
905 ## - ELEMENTOS DE DATOS E LOCAL, LDE (RLIN)
a 0000001970 mx A 0000000000spa00
Holdings
Estado de retiro Estado de pérdida Fuente del sistema de clasificación o colocación Estado dañado Restricciones de uso No para préstamo Código de colección Localización permanente Ubicación/localización actual Fecha de adquisición Fuente de adquisición Total de préstamos Signatura topográfica completa Código de barras Fecha visto por última vez Número de copia Tipo de ítem Koha
    Clasificación Universidad Autónoma de Chapingo   Préstamo interno   Tesis Ingenieria Agroindustrial Ingenieria Agroindustrial 18/01/2022 El autor   Tesis G66 1970 1101011333 02/02/2026 Ej. 2 Tesis
    Clasificación Universidad Autónoma de Chapingo   Préstamo interno   Tesis Ingenieria Agroindustrial Ingenieria Agroindustrial 18/01/2022 El autor   Tesis G66 1970 1101013364 02/02/2026 Ej. 1 Tesis